| 000 | 00372nam a2200157Ia 4500 | ||
|---|---|---|---|
| 008 | 221030s9999 xx 000 0 und d | ||
| 020 | _a8120321670 | ||
| 041 | _aEnglish | ||
| 082 | _a105.23 | ||
| 100 | _aV. Kumar | ||
| 245 | 0 |
_aInternational Marketing Research _cby V. Kumar |
|
| 260 |
_bPHI _aNew Delhi _c2009 |
||
| 300 | _a448 | ||
| 650 | _aManagement | ||
| 942 | _cBK | ||
| 999 |
_c10072 _d10072 |
||